Afrika žiada tri kreslá (10. Africký pohár - finálovým turnajom v Abebe sa skončil futbalový rok '75 v Afrike)

Bibliographic Details
Format: Article
Language:Slovak
PhysicalDescription:Obr.
Subjects:

MARC

LEADER 00000nab a2200000 ar4500
001 vtls009007950
003 SK-MaSNL
005 20260303065503.0
008 070720c1976 xo mr|||||||||000 b|slo
015 |a SNKBUCL2007/07  |2 snkbucl 
038 |a SNKBUCL 
040 |a SNKBUCL  |b slo  |c SNKBUCL  |e AACR2 
041 0 |a slo 
044 |a xo  |c SK 
080 |a 796.332.093.1  |2 2001 
245 0 0 |a Afrika žiada tri kreslá  |b (10. Africký pohár - finálovým turnajom v Abebe sa skončil futbalový rok '75 v Afrike)  |c [autor] (-er) 
300 |b Obr. 
650 0 7 |a futbal  |2 snkbucl  |9 3291 
773 0 |t Tip  |g Roč. 8, č. 18 (1976), s. 4-5 
852 |a SNK  |b KIS3GCP 
999 |c 1751378  |d 1753308